Statistics for Countries Dwayne "The Rock" Johnson has visited

Click here to take the quiz!

General Stats

  • This quiz has been taken 14 times
  • The average score is 9 of 10

Answer Stats

Continent Country % Correct
North AmericaCanada
100%
AsiaChina
100%
EuropeUnited Kingdom
100%
OceaniaAustralia
92%
EuropeGermany
92%
EuropeSpain
92%
North AmericaUnited States of America
92%
AsiaIndia
85%
AsiaMalaysia
54%
AfricaMorocco
54%

Score Distribution

Percentile by Number Answered

Percent of People with Each Score

Your Score History

You have not taken this quiz